000 01719cam a2200349 4500
008 031117n2003 000 0 eng u
020 _a0333804821
035 _a(Sirsi) u124345
041 _aeng
100 _aRiley, Mike
245 _aConstruction technology 2
_bindustrial and commercial building
260 _aBasingstoke
_bPalgrave Macmillan
_c2003
300 _axi, 466p.
_c25cm.
350 _a24.99
490 _aPalgrave Construction Technology
520 _aThis text deals with construction technology primarily associated with framed buildings and is designed as a learning vehicle for students of construction and property-related subjects. Part one considers the functions and requirements of industrial and commercial buildings, the building process and preparations for building. Parts two and three look at elements of building substructure and superstructure. Part four discusses building life cycle and refurbishment.
520 _aSuperseded by 3 ed ISBN 9781137371690
650 _aCONSTRUCTION TECHNOLOGY
650 _aCOMMERCIAL BUILDINGS
650 _aINDUSTRIAL BUILDINGS
650 _aBUILT ENVIRONMENT-BUILDING ELEMENTS-COMPLETE BUILDING ELEMENTS-FRAMES
650 _aBUILT ENVIRONMENT-BUILDING ELEMENTS-COMPLETE BUILDING ELEMENTS-FOUNDATIONS
650 _aBUILT ENVIRONMENT-BUILDING ELEMENTS-COMPLETE BUILDING ELEMENTS-FLOORS
650 _aROOF CONSTRUCTION
650 _aBUILT ENVIRONMENT-BUILDING ELEMENTS-COMPLETE BUILDING ELEMENTS-WALLS
650 _aHIGH RISE BUILDINGS
650 _aBUILT ENVIRONMENT-BUILDING MAINTENANCE AND REFURBISHMENT
650 _aBUILDING STRUCTURES
690 _aBUILT ENVIRONMENT
700 _aCotgrave, Alison
942 _n0
999 _c103210
_d103210